Statistics for Државе на слово П

Click here to take the quiz!

General Stats

  • This quiz has been taken 1 546 times
  • The average score is 6 of 8

Answer Stats

Држава% Correct
Португал
85%
Пакистан
83%
Панама
82%
Пољска
78%
Парагвај
74%
Перу
72%
Папуа Нова Гвинеја
55%
Палау
49%

Score Distribution

Percentile by Number Answered

Percent of People with Each Score

Your Score History

You have not taken this quiz